Biện pháp quản lý hoạt động tự bồi dưỡng chuyên môn của giáo viên tiểu học quận Hải Châu thành phố Đà Nẵng
Cơ sở lý luận về quản lý hoạt động tự bồi dưỡng chuyên môn của giáo viên tiểu học. Thực trạng quản lý hoạt động tự bồi dưỡng chuyên môn của giáo viên tiểu học quận Hải Châu, thành phố Đà Nẵng. Các biện pháp quản lý hoạt động tự bồi dưỡng chuyên môn của giáo viên tiểu học quận Hải Châu, thành phố Đà...
Wedi'i Gadw mewn:
| Prif Awdur: | |
|---|---|
| Awduron Eraill: | |
| Fformat: | Llyfr |
| Iaith: | Vietnamese |
| Cyhoeddwyd: |
Đà Nẵng
Đại học Đà Nẵng
2015
|
| Pynciau: | |
| Tagiau: |
Ychwanegu Tag
Dim Tagiau, Byddwch y cyntaf i dagio'r cofnod hwn!
|
| Thư viện lưu trữ: | Mạng thư viện Đại học Đà Nẵng |
|---|
| LEADER | 01979nam a2200361 4500 | ||
|---|---|---|---|
| 001 | 000023438 | ||
| 003 | 19889 | ||
| 005 | 20151208161233.0 | ||
| 008 | 151207s2015 viesd | ||
| 041 | |a vie | ||
| 082 | 1 | 4 | |a 372.112 |b LÊ-T |
| 100 | 1 | |a Lê Thị Kim Tuyền | |
| 245 | 1 | |a Biện pháp quản lý hoạt động tự bồi dưỡng chuyên môn của giáo viên tiểu học quận Hải Châu thành phố Đà Nẵng |c Lê Thị Kim Tuyền ; Lê Quang Sơn hướng dẫn. |k Luận văn Thạc sĩ | |
| 260 | |a Đà Nẵng |b Đại học Đà Nẵng |c 2015 | ||
| 300 | |a 107 tr. ; phụ lục 11 tr. |c 29 cm. |e Tóm tắt | ||
| 500 | |a Luận văn thạc sĩ Quản lý giáo dục. Chuyên ngành: Quản lý giáo dục. Mã số: 60.14.01.14 | ||
| 520 | 3 | |a Cơ sở lý luận về quản lý hoạt động tự bồi dưỡng chuyên môn của giáo viên tiểu học. Thực trạng quản lý hoạt động tự bồi dưỡng chuyên môn của giáo viên tiểu học quận Hải Châu, thành phố Đà Nẵng. Các biện pháp quản lý hoạt động tự bồi dưỡng chuyên môn của giáo viên tiểu học quận Hải Châu, thành phố Đà Nẵng | |
| 650 | 0 | 4 | |a Giáo dục tiểu học |v Luận văn tốt nghiệp |x Giáo viên |x Quản lý |z Đà Nẵng |
| 653 | |a Giáo dục tiểu học | ||
| 653 | |a Giáo viên | ||
| 653 | |a Quản lý giáo dục | ||
| 653 | |a Quản lý chuyên môn | ||
| 700 | 1 | |a Lê Quang Sơn |c PGS.TS. |e Hướng dẫn | |
| OWN | |a LSP | ||
| AVA | |a UDN50 |b LSP |d 372.112 LÊ-T |e available |t Error 5001 Not defined in file expand_doc_bib_avail. |f 1 |g 0 |h N |i 0 |k 1 | ||
| 999 | |a From the UDN01 | ||
| AVA | |a UDN50 |b LSP |d 372.112 LÊ-T |e available |t Error 5001 Not defined in file expand_doc_bib_avail. |f 1 |g 0 |h N |i 0 |k 1 | ||
| TYP | |a Monograph | ||
| TYP | |a Printed language | ||
| 980 | |a Mạng thư viện Đại học Đà Nẵng | ||